Southville International School and Colleges
Your cart is empty.
  • Cart
  • Lists
    Public lists Eva Luna New books Lux_list list_1
    Your lists Log in to create your own lists
  • Log in to your account
  • Your cookies
  • Search history
Southville International School and Colleges
  • Advanced search
  • Recent comments
  • Most popular
  • Libraries

Log in to your account

Log in with GOOGLE


If you do not have an external account, but do have a local account, you can still log in:

  1. Home
  2. MARC view: Humanistic social work :
Normal view MARC view ISBD view

Humanistic social work : (Record no. 22395)

[ view plain ]
MARC details
000 -LEADER
fixed length control field 00583nam a2200193 a 4500
005 - DATE AND TIME OF LATEST TRANSACTION
control field 20140310183405.0
008 - FIXED-LENGTH DATA ELEMENTS--GENERAL INFORMATION
fixed length control field 121012s19uu xx 00 eng d
020 ## - INTERNATIONAL STANDARD BOOK NUMBER
International Standard Book Number 9780230293601
050 ## - LIBRARY OF CONGRESS CALL NUMBER
Classification number HV 40
Item number .P328 2011
100 ## - MAIN ENTRY--PERSONAL NAME
Personal name Payne, Malcolm
245 ## - TITLE STATEMENT
Title Humanistic social work :
Remainder of title core principles in practice /
Statement of responsibility, etc Malcolm Payne.
260 ## - PUBLICATION, DISTRIBUTION, ETC. (IMPRINT)
Place of publication, distribution, etc Chicago, Ill :
Name of publisher, distributor, etc Lyceum Books,
Date of publication, distribution, etc 2011.
300 ## - PHYSICAL DESCRIPTION
Extent 223 p. :
Dimensions 23 cm.
500 ## - GENERAL NOTE
General note Includes bibliographical references and index
650 ## - SUBJECT ADDED ENTRY--TOPICAL TERM
Topical term or geographic name as entry element Human services
650 ## - SUBJECT ADDED ENTRY--TOPICAL TERM
Topical term or geographic name as entry element Social service
942 ## - ADDED ENTRY ELEMENTS (KOHA)
Koha item type Books
Source of classification or shelving scheme Library of Congress Classification
Call number prefix Foreign
Holdings
Withdrawn status Lost status Source of classification or shelving scheme Damaged status Home library Current library Shelving location Date acquired Source of acquisition Cost, normal purchase price Total Checkouts Full call number Barcode Date last seen Date checked out Copy number Price effective from Koha item type
    Library of Congress Classification   College Library College Library General Circulation Section 10/12/2012 Donation 2855.00 1 HV 40 .P328 2011 C16360 05/15/2018 02/17/2015 1 10/10/2013 Books

Humanistic social work :

APA

Payne M., . (2011). Humanistic social work. Chicago, Ill: Lyceum Books.

Chicago

Payne Malcolm, . 2011. Humanistic social work. Chicago, Ill: Lyceum Books.

Harvard

Payne M., . (2011). Humanistic social work. Chicago, Ill: Lyceum Books.

MLA

Payne Malcolm, . Humanistic social work. Chicago, Ill: Lyceum Books. 2011.

  • Place hold
  • Print
  • Cite
  • Add to your cart (remove)
  • Save record
    BIBTEX Dublin Core MARCXML MARC (non-Unicode/MARC-8) MARC (Unicode/UTF-8) MARC (Unicode/UTF-8, Standard) MODS (XML) RIS
  • More searches
    Search for this title in:
    Other Libraries (WorldCat) Other Databases (Google Scholar) Online Stores (Bookfinder.com) Open Library (openlibrary.org)

Exporting to Dublin Core...

SOUTHVILLE LIBRARY

Southville International School and Colleges Library

1281 Tropical Ave. Cor. Luxembourg St., BF Homes International, Las Pinas City

Tel. No. 8256374 / 252358 Loc. 117/146

Powered by Koha